Význam kreativity v manažérskej činnosti bakalárska práca

Salvato in:
Dettagli Bibliografici
Autore principale: Együdová, Zuzana
Ente Autore: Fakulta podnikového manažmentu EU. Katedra manažmentu
Altri autori: Suntingerová, Ľudmila
Natura: Libro
Lingua:slovacco
Pubblicazione: Bratislava 2013
Tags: Aggiungi Tag
Nessun Tag, puoi essere il primo ad aggiungerne!!

MARC

LEADER 00000nbm a2200000 4500
001 0174195
005 20161109112154.0
041 0 |a slo 
044 |a SK 
245 1 0 |a Význam kreativity v manažérskej činnosti  |b bakalárska práca  |c Zuzana Együdová ; školiteľ: Ľudmila Suntingerová 
264 1 |a Bratislava  |c 2013 
300 |a 44 s. 
100 1 |a Együdová, Zuzana 
700 1 |a Suntingerová, Ľudmila 
710 2 |a Fakulta podnikového manažmentu EU. Katedra manažmentu